<?xml version="1.0" encoding="UTF-8"?>
<record
    xmlns:xsi="http://www.w3.org/2001/XMLSchema-instance"
    xsi:schemaLocation="http://www.loc.gov/MARC21/slim http://www.loc.gov/standards/marcxml/schema/MARC21slim.xsd"
    xmlns="http://www.loc.gov/MARC21/slim">

  <leader>00977nam a2200217 i 4500</leader>
  <controlfield tag="001">128067</controlfield>
  <controlfield tag="003">ES-MaACL</controlfield>
  <controlfield tag="005">20230906193143.0</controlfield>
  <controlfield tag="007">t|</controlfield>
  <controlfield tag="008">070214s1960    sp      r    ||||1| spa d</controlfield>
  <datafield tag="100" ind1="1" ind2=" ">
    <subfield code="a">Brun, Jer&#xF3;nimo.</subfield>
    <subfield code="9">32141</subfield>
  </datafield>
  <datafield tag="245" ind1="1" ind2="0">
    <subfield code="a">Levantamiento de dos galeras de la escuadra de Yussuf Bey, piloto real del Gran Turco, con muerte de 340 turcos y liberaci&#xF3;n de 430 cristianos</subfield>
    <subfield code="b">: a&#xF1;o de MDXC / </subfield>
    <subfield code="c">reimpresi&#xF3;n del original redactado por G. Brun ; versi&#xF3;n al ingl&#xE9;s de C. V. Malfatti.</subfield>
  </datafield>
  <datafield tag="260" ind1=" " ind2=" ">
    <subfield code="a">Barcelona : </subfield>
    <subfield code="b">[s. n.], </subfield>
    <subfield code="c">1960 (</subfield>
    <subfield code="f">Sociedad Alianza de Artes Gr&#xE1;ficas)</subfield>
  </datafield>
  <datafield tag="300" ind1=" " ind2=" ">
    <subfield code="a">22 p. : </subfield>
    <subfield code="b">il. ; </subfield>
    <subfield code="c">26 cm.</subfield>
  </datafield>
  <datafield tag="534" ind1=" " ind2=" ">
    <subfield code="p">Reimp. de la ed. de: </subfield>
    <subfield code="c">En &#xC7;arago&#xE7;a : Lorenzo de Robles, 1590.</subfield>
  </datafield>
  <datafield tag="594" ind1=" " ind2=" ">
    <subfield code="a">Incluye versi&#xF3;n al ingl&#xE9;s de C.V. Malfatti. Transcripci&#xF3;n de documentos contempor&#xE1;neos.</subfield>
  </datafield>
  <datafield tag="650" ind1=" " ind2="4">
    <subfield code="a">Piratas-</subfield>
    <subfield code="z">Mediterr&#xE1;neo (Regi&#xF3;n)</subfield>
    <subfield code="9">219447</subfield>
  </datafield>
  <datafield tag="700" ind1="1" ind2=" ">
    <subfield code="a">Malfatti, Cesare.</subfield>
    <subfield code="9">75761</subfield>
  </datafield>
  <datafield tag="852" ind1="4" ind2=" ">
    <subfield code="a">ES-MaACL</subfield>
    <subfield code="j">C-18917</subfield>
  </datafield>
  <datafield tag="999" ind1=" " ind2=" ">
    <subfield code="c">128067</subfield>
    <subfield code="d">128067</subfield>
  </datafield>
  <datafield tag="952" ind1=" " ind2=" ">
    <subfield code="0">0</subfield>
    <subfield code="1">0</subfield>
    <subfield code="4">0</subfield>
    <subfield code="7">0</subfield>
    <subfield code="a">ATENEOM</subfield>
    <subfield code="b">ATENEOM</subfield>
    <subfield code="c">Galer&#xED;a</subfield>
    <subfield code="d">2008-01-17</subfield>
    <subfield code="e">SC</subfield>
    <subfield code="l">0</subfield>
    <subfield code="o">C-18917</subfield>
    <subfield code="p">1133385</subfield>
    <subfield code="r">2023-02-23 00:00:00</subfield>
    <subfield code="w">2023-02-23</subfield>
    <subfield code="y">MONOGRAFIA</subfield>
  </datafield>
</record>
